Spanish Political Parties - Statistics

General Stats
  • This quiz has been taken 86 times
    24 since last reset
  • The average score is 9 of 17
Answer Stats
Ideology Seats Answer % Correct
Social Democracy 228 Spanish Socialist Workers'
95%
Right wing PopulismNational Conservatism 42 Vox
95%
Democratic SocialismLeft wing Populism 6 We Can
90%
Conservatism Christian Democracy 299 People's
75%
ProgressivismLeft wing Populism Green politics 31 Unite
75%
Basque IndependenceDemocratic Socailism 12 Basque Country Unite
70%
Catalan Independence
Left wing Nationalism
Social Democracy
14 Republican Left of Catalonia
65%
Catalan IndependencePopulism 11 Together for Catalonia
65%
Basque NationalismChristian Democracy Social Democracy 11 Basque Nationalist
60%
Galician NationalismLeft-wing Nationalism Socialism 3 Galician Nationalist Bloc
55%
RegionalismCanarian Nationalism 2 Canarian Coalition
50%
Valencian NationalismEco-socialism Green Politics 3 Commitment Coalition
45%
ConservatismChristian Democracy Regionalism 2 Navarrese People's Union
45%
Left-wing NationalismDemocratic Socialism Green politics 1 More for Majorca
10%
Regionalism Canarian Nationalism Centrism 1 Independent Herrenian Group
5%
Regionalism Social Democracy 1 Gomera Socialist Group
0%
Basque NationalismSocial democracy 1 Yes to the Future
0%
No matching quizzes found
Score Distribution
Percent of People with Each Score
Percentile by Number Answered
Your Score History
You have not taken this quiz since the last reset